Cuentas tributarias. Pasado, presente y futuro del conocimiento de la información recíproca generada entre el contribuyente y el fisco (Registro nro. 13116)

Detalles MARC
000 -LEADER
fixed length control field 00452 a2200121 4500
001 - CONTROL NUMBER
control field ART_7986
005 - DATE AND TIME OF LATEST TRANSACTION
control field 20260410161639.0
008 - FIXED-LENGTH DATA ELEMENTS--GENERAL INFORMATION
fixed length control field 260409a
100 1# - MAIN ENTRY--PERSONAL NAME
Personal name Taub, Isidoro L.
245 10 - TITLE STATEMENT
Title Cuentas tributarias. Pasado, presente y futuro del conocimiento de la información recíproca generada entre el contribuyente y el fisco
700 1# - ADDED ENTRY--PERSONAL NAME
Personal name Buono, Javier A.
773 0# - HOST ITEM ENTRY
Title Consultor tributario
Related parts - Vol. 2, Nº 19 (sep. 2008)
Record control number REV474

No hay ítems disponibles.